| 000 | 00848nam1a22002291i 4500 | ||
|---|---|---|---|
| 001 | rc\3332809 | ||
| 005 | 20240724001131.0 | ||
| 010 | _935 | ||
| 035 | _a(NLR Aleph) 007426338 | ||
| 090 |
_a6969475 _c6969475 |
||
| 100 | _a20130115d1972 |||y0rusy50 ca | ||
| 101 | 0 | _arus | |
| 102 | _aRU | ||
| 105 | _ay c ||||| | ||
| 200 | 1 |
_aТепло- и массообмен при взаимодействии гиперзвуковых потоков с твердой стенкой _eТемат. указатель литературы _eЧ. 2 _fМоск. авиац. ин-т им. С. Орджоникидзе. БНТИ НИС |
|
| 210 |
_aМосква _cБ. и. _d1972 |
||
| 215 | _d21 | ||
| 333 | _aДля служебного пользования | ||
| 801 | 0 |
_aRU _bNLR _gpsbo |
|
| 801 | 1 |
_aRU _bELAR _2rusmarc |
|
| 852 |
_aNLR _j72-50к/3307 |
||
| 942 | _cBOOK | ||